000 00979 a2200229 4500
999 _c2142
_d2142
020 _a9780071267885
050 0 0 _aHJ257.2ROS 2010
100 1 _aRosen, Harvey S.
245 1 0 _aPublic finance /
_cHarvey S. Rosen.
250 _a9th ed.
264 _aNew York:
_bMcgraw hill.,
_c2010
300 _axxx, 609 p. :
_bill. ;
500 _aIncludes bibliographical references (p. 577-593) and indexes.
504 _aIncludes bibliographical references (p. 577-593) and indexes.
650 0 _aFinance, Public
700 _aTed Gayer
856 4 2 _3Publisher description
_uhttp://www.loc.gov/catdir/description/mh051/2003068851.html
856 4 2 _3Contributor biographical information
_uhttp://www.loc.gov/catdir/bios/mh042/2003068851.html
856 4 1 _3Table of contents
_uhttp://www.loc.gov/catdir/toc/mh041/2003068851.html
942 _2lcc
_cBK
_e9th
_h257.2
_iROS
_kHJ